000 00292nam a22001337a 4500
008 170303b xxu||||| |||| 00| 0 eng d
020 _a0387976302
041 _aeng
080 _a575
100 _a6
101 _aSHM
245 _aFOLLICE STIMULATING HORMONE
_cSYMPOSIA, S
942 _2udc
_cBK
999 _c6728
_d6728